=LDR 00000nam 2200000 4500 =001 000659 =005 20250711014420 =035 ##$$a 0010-0725000527 =007 ta =008 250711################a##########0#ind## =020 ##$$a 978-623-307-616-6 =082 ##$$a 398.209 598 =084 ##$$a 398.209 598 SEN k =100 #$$a Sen Benita =245 1#$$a Kunyah, Nyam Nyam Nyam /$c Benita Sen =250 ##$$a Cetakan Pertama 2024 =260 ##$$a Jakarta :$b Badan Pengembangan dan Pembinaan Bahasa,$c 2022 =300 ##$$a 32 hlm : $b Ilus. ; $c 22,9 cm =650 #4$$a Cerita Anak Indonesia - Terjemahan =650 #4$$a Literasi- Bahan Bacaan =990 ##$$a TBM04270427